01316nas a2200229Ia 4500001001100000003000900011008004100020040001300061040001300074041001500087100004600102210001800148222001800166245031500184250001100499260002200510501008600532300001800618362014700636500026000783650004301043R152/K0151IT-RoPAU151124c99999999xx |||||||||||| ||und|| aIT-RoPAU cIT-RoPAU aITALIANO  aSpadaro AntoniogCodice Aut. SPICS: 60081 aPARABOLA (LA) aParabola (La) aPARABOLA (LA), ANNO 7-N.19 (GIUGNO 2010) bFede Nella Rete Delle Relazioni (La)  a1a ed. aROMAbAIARTc2010 bPaulus - SPICS - Società San Paolo EM (non-commercial uses only)cCopyright2015 a22 p. [11-32] aANNO 007, N.19 (GIUGNO 2010)  aInternet Mezzo O Ambiente? Incarnare nella Rete Messaggio Evangelico. Uomo Religioso: Radar O Decoder? Ricerca di Dio: Motore O Domanda? Amicizia: Connessione O Comunione? Chiesa: Fili di Rete O Tralci di Vite? Sacramenti: Presenza Reale O Presenza Virtua aCOMUNICAZIONEvPUBBLICAZIONE PERIODICA